000 00861nam a2200277 i 4500
001 000004135
003 DO-SdBNP
005 20251017082914.0
007 ta
008 090717m1992 dr r 001 0 spa d
040 _aDO-SdBNP
_bspa
_cBNPHU
_erda
041 _aspa
082 4 _axxx
_bxxx
_222
110 _aIglesia Católica.
_bConferencia del Episcopado Dominicano.
_946310
245 1 0 _aCatecismo de la iglesia católica.
264 1 _aSanto Domingo :
_bLibrería Juan Pablo II,
_c1993.
300 _a702 páginas ;
_c21 cm.
336 _atexto
_btxt
_2rdacontent
337 _asin mediación
_bn
_2rdamedia
338 _avolumen
_bnc
_2rdacarrier
500 _aIncluye índice.
500 _aIncluye orden alfabético de los libros sagrados.
590 _aInventariado 2024 / MF
650 4 _aIglesia católica
_xCatecismos
_976649
942 _2ddc
_cLBS1
999 _c3951
_d3951